000 00523nam a22001817a 4500
005 20250210191413.0
008 250210b |||||||| |||| 00| 0 eng d
020 _a9781450204859
050 _aHD2741 .YZ YOC
100 _aYocam Eric
245 _aCorporate Governance:
_bA board director's pocket guide/
_cEric Yocam & Annie Choi
260 _aBloomington
_biUniverse books
_c2010
300 _axiv. 133p.
_bill.
_c23 cm
500 _aIncludes Index
650 _2Governance
700 _aChoi Annie
942 _2lcc
_cBK
_n0
999 _c3790
_d3790